000 01197nam a22002537a 4500
005 20110810094115.0
008 110810t xxu||||| |||| 00| 0 mar d
010 _aMAR-21263
020 _c100.00
_a97881906044
035 _aMR-13921
037 _bDBAD/PUB
040 _aDPL
_bMR
082 _a891.461
100 _932250
_aगिरजापुरे,पुरुषोत्तम अ
245 _aपारिजात /
_cपुरुषोत्तम अ गिरजापुरे
246 _aParijat
_bby Purushottam A Giijapure
260 _aनागपूर
_bआशीर्वाद प्रकाशन
_c2008
270 _aधनरे बिल्डिंग दक्षिणामूर्ती चौक,महाल,
_bनागपूर
_e-32
300 _a74पृ.
_c21सेमी(अजिल्द)
650 _aमराठी कवितासंग्रह
_933632
650 _aMarathi Poetry
_933633
942 _2ddc
_cMR
_h891.461
_mगिरजा
999 _c55959
_d55959